000 00646nam a2200241Ia 4500
003 OSt
005 20221006145519.0
006 a|||||r|||| 00| 0
007 ta
008 221006b |||||||| |||| 00| 0 eng d
024 _a15,121
037 _cTextual
040 _aEASL
_cEASL
_beng
041 _2eng
_aeng
082 _aP41,90bY, IIIL2
100 _aPILLSBURY Barbara
_9654635
245 0 _aWest meets east
_b Life among Chinese
260 _c1972
300 _a146p.
_ccm.
700 _a WANG Ding Ho
_9654636
942 _hP41,90bY, IIIL2
_cTEXL
_2CC
999 _c1083207
_d1083207